| 000 | 01202cab a22002055a 4500 | ||
|---|---|---|---|
| 001 | L153773 | ||
| 008 | 110830e20110826xxk 000 0 eng d | ||
| 035 | _a(Sirsi) u153773 | ||
| 041 | 0 | _aeng | |
| 100 | 1 | _aStewart, Sarah | |
| 245 | 0 | 0 |
_aMarkets _bbusiness and science parks |
| 260 | _c2011 | ||
| 490 | 0 |
_aProperty Week _v77(34) 26 August 2011, 39-44(4) |
|
| 520 | _aGovernment's enterprise zone announcement will help sale of Pfizer's redundant Sandwich research campus. GVA's 2011 business park sector review shows take-up increasing in H1 2011 but the north-south divide both in take-up and in availability has widened significantly. Edinburgh Bioquarter's developers are in talks with five companies to take space at its Nine scheme. Two buildings will be completed in September at Quorum Business Park in Newcastle, the UK's largest speculative development outside London. Horizon has expanded its Cambridge Research Park operation by taking the entire Building 7100. | ||
| 590 | _aKA | ||
| 651 | 4 |
_aUnited Kingdom _y |
|
| 690 | _aPROPERTY-COMMERCIAL PROPERTY-COMMERCIAL PROPERTY MARKET | ||
| 690 | _aPROPERTY-COMMERCIAL PROPERTY-COMMERCIAL PROPERTY FINANCE AND INVESTMENT | ||
| 942 | _n0 | ||
| 999 |
_c83368 _d83368 |
||